| 000 | 00707nam a2200193 a 4500 | ||
|---|---|---|---|
| 090 |
_aIAVH _b01299 CD-10 |
||
| 041 | _aspa | ||
| 245 | _aCartografía general de Córdoba | ||
| 249 | _aInforme de actividades de apoyo en los eventos de socialización y retroalimentación del PAB Córdoba | ||
| 260 |
_aMontería _bIAVH _bCVS _c2008 |
||
| 300 | _a1 CD | ||
| 650 |
_aZonas costaneras _992723 |
||
| 650 |
_aClimatología _9288 |
||
| 650 |
_aCuencas hidrográficas _992255 |
||
| 650 |
_aZonificación ambiental _9229 |
||
| 650 |
_aAmenazas naturales _918663 |
||
| 662 |
_cZona costanera _bCórdoba |
||
| 773 | _tInforme de actividades de apoyo en los eventos de socialización y retroalimentación del PAB Córdoba | ||
| 999 |
_c7221 _d7221 |
||